000 00278nam a22001217a 4500
008 180806b xxu||||| |||| 00| 0 eng d
082 _a813.52
245 _aCareers in Criminal Justice
_cPEARSON
260 _c2006
300 _a1
_fCD
440 _x0131195131
942 _2ddc
_cMX
999 _c46862
_d46862